Extreme Continents Quiz Stats

Quiz Updated Sep 9, 2015

Challenge
Share
Tweet
Embed
Score 0/42 Timer 08:00
2 Plays Today
Continent Country % Correct
AsiaRussia
87.8%
EuropeRussia
87.8%
EuropeVatican City
87.3%
AfricaNile
84.3%
North AmericaCanada
83%
OceaniaAustralia
82.8%
AsiaMount Everest (Nepal and Tibet)
78.4%
AfricaMadagascar
77.4%
South AmericaBrazil
75%
South AmericaAmazon River
74.9%
AfricaLake Victoria (Uganda, Kenya, Tanzania)
66.9%
AfricaAlgeria
66.4%
South AmericaSuriname
65.9%
AfricaMount Kilimanjaro (Tanzania)
64.5%
North AmericaLake Superior
64.3%
EuropeGreat Britain
64.1%
North AmericaDenali (United States)
59.8%
OceaniaNauru
55.7%
North AmericaMissouri River
53.4%
AfricaSeychelles
52.4%
North AmericaGreenland
52.3%
Continent Country % Correct
EuropeMount Elbrus (Russia)
51.9%
North AmericaSt Kitts and Nevis
49.5%
AsiaYangtze
48.6%
North AmericaDeath Valley (United States)
47.4%
EuropeVolga River
45.4%
AsiaMaldives
43.4%
South AmericaLake Titicaca (Peru and Bolivia)
37.3%
AsiaBorneo
37.3%
AsiaLake Baikal
35.4%
OceaniaNew Guinea
33%
AsiaDead Sea (Jordan and Israel)
31.6%
EuropeCaspian Sea shore (Russia)
27.9%
South AmericaAconcagua (Argentina)
22.1%
OceaniaMurray-Darling River (Australia)
20.3%
South AmericaTierra del Fuego
11.7%
EuropeLake Ladoga (Russia)
11%
OceaniaLake Eyre (Australia)
10.9%
OceaniaPuncak Jaya
4.6%
AfricaLake Assal (Djibouti)
4.3%
OceaniaLake Taupo (New Zealand)
3%
South AmericaLaguna del Carbón (Argentina)
2.8%

You're not logged in!

Compare scores with friends on all Sporcle quizzes.
Sign Up with Email
OR
Log In

You Might Also Like...

Show Comments

Extras

Top Quizzes Today


Score Distribution

Your Account Isn't Verified!

In order to create a playlist on Sporcle, you need to verify the email address you used during registration. Go to your Sporcle Settings to finish the process.

Report this User

Report this user for behavior that violates our Community Guidelines.

Details: